ბათუმის შოთა რუსთაველის სახელმწიფო უნივერსიტეტის ბიბლიოთეკა

ესკიზები საშემოდგომო განწყობილებისათვის (ბიბ.ჩანაწერი № 42168)

000 -LEADER
fixed length control field 00835nam a2200217Ia 4500
001 - CONTROL NUMBER
control field 8861
003 - CONTROL NUMBER IDENTIFIER
control field GE_BSU
008 - FIXED-LENGTH DATA ELEMENTS--GENERAL INFORMATION
fixed length control field 181216s||||||||xx |||||||||||||| ||und||
040 ## - CATALOGING SOURCE
Transcribing agency GE_BSU
100 ## - MAIN ENTRY--PERSONAL NAME
Personal name კალანდია,ზაურ
245 ## - TITLE STATEMENT
Title ესკიზები საშემოდგომო განწყობილებისათვის
245 ## - TITLE STATEMENT
Remainder of title მოთხრობები
245 ## - TITLE STATEMENT
Statement of responsibility, etc. რედ.ნ.ლორთქიფანიძე. მხატვ. გ.ლონტი
260 ## - PUBLICATION, DISTRIBUTION, ETC.
Place of publication, distribution, etc. თბილისი
260 ## - PUBLICATION, DISTRIBUTION, ETC.
Name of publisher, distributor, etc. ნაკადული
260 ## - PUBLICATION, DISTRIBUTION, ETC.
Date of publication, distribution, etc. 1986
300 ## - PHYSICAL DESCRIPTION
Extent 152გვ.16სმ.
653 ## - INDEX TERM--UNCONTROLLED
Uncontrolled term ესკიზები საშემოდგომო განწყობილებისათვის
653 ## - INDEX TERM--UNCONTROLLED
Uncontrolled term მოთხრობები
942 ## - ADDED ENTRY ELEMENTS (KOHA)
Koha item type წიგნი
ეგზემპლარები
Withdrawn status Lost status Damaged status Not for loan Date acquired Barcode Date last seen Price effective from Koha item type
        2018-12-17 31363 2018-12-17 2018-12-17 წიგნი
        2018-12-17 31364 2018-12-17 2018-12-17 წიგნი